Fr. Conceicao Rodrigues College of Engineering

Quantum Physics of Atoms (Record no. 35231)

MARC details
000 -LEADER
fixed length control field 00377nam a2200169Ia 4500
082 ## - DEWEY DECIMAL CLASSIFICATION NUMBER
Classification number 539/EIS
Item number EIS
100 ## - MAIN ENTRY--PERSONAL NAME
Personal name Eisberg/Robert/ Resnick/R
250 ## - EDITION STATEMENT
Edition statement 2
245 ## - TITLE STATEMENT
Title Quantum Physics of Atoms
260 ## - PUBLICATION, DISTRIBUTION, ETC.
Name of publisher, distributor, etc. Wiley India
Place of publication, distribution, etc. New Delhi
Date of publication, distribution, etc. 1985
366 ## - TRADE AVAILABILITY INFORMATION
Publishers's discount category 20
300 ## - PHYSICAL DESCRIPTION
Extent 713
546 ## - LANGUAGE NOTE
Language note ENGLISH
650 ## - SUBJECT ADDED ENTRY--TOPICAL TERM
Topical term or geographic name entry element Quantum Physics
654 ## - SUBJECT ADDED ENTRY--FACETED TOPICAL TERMS
Focus term Quantum Physics
942 ## - ADDED ENTRY ELEMENTS (KOHA)
Koha item type BOOK
Holdings
Withdrawn status Lost status Damaged status Not for loan Collection Home library Current library Date acquired Source of acquisition Cost, normal purchase price Inventory number Total Checkouts Full call number Barcode Date last seen Cost, replacement price Price effective from Koha item type
        CRC Fr. Agnel's C.Rodrigues College of Engineering Fr. Agnel's C.Rodrigues College of Engineering 17/03/2023 Professional Book House. 479.00 453 dt 09/02/2008   539/EIS EIS 18346 17/03/2023 499.00   BOOK
        CRC Fr. Agnel's C.Rodrigues College of Engineering Fr. Agnel's C.Rodrigues College of Engineering 17/03/2023 Professional Book House. 479.00 453 dt 09/02/2008   539/EIS EIS 18347 17/03/2023 499.00   BOOK